Management : Teorie a praxe pro 90.léta /
Saved in:
| Main Authors: | , |
|---|---|
| Format: | Book |
| Language: | Czech |
| Published: |
Praha :
Management Press, Profit, a.s,
1996
|
| Edition: | 2.dopl.a rozš.vyd. |
| Subjects: | |
| Online Access: | OBSAH |
| Tags: |
No Tags, Be the first to tag this record!
|
MARC
| LEADER | 00000nam a22000003a 4500 | ||
|---|---|---|---|
| 001 | stu45904 | ||
| 005 | 20150617225716.8 | ||
| 008 | 970811s1996----cs------------------cze-d | ||
| 020 | |a 80-85943-19-0 | ||
| 040 | |a STU |b slo | ||
| 041 | 0 | |a cze | |
| 044 | |a cs | ||
| 080 | |a 658.5 | ||
| 100 | 1 | |a Vodáček, Leo |4 aut | |
| 245 | 1 | |a Management : |b Teorie a praxe pro 90.léta / |c [aut.]Leo Vodáček, Oľga Vodáčková | |
| 250 | |a 2.dopl.a rozš.vyd. | ||
| 260 | |a Praha : |b Management Press, Profit, a.s, |c 1996 | ||
| 300 | |a 244 s | ||
| 650 | 7 | |a Management |2 estusub | |
| 700 | 1 | |a Vodáčková, Oľga |4 aut | |
| 856 | 4 | |a https://sweb.mtf.stuba.sk/obsahy/management_teorie_a_praxe_pro_90_leta_96.pdf |u https://sweb.mtf.stuba.sk/obsahy/management_teorie_a_praxe_pro_90_leta_96.pdf |3 OBSAH | |
| 996 | |b 284M054481 |c M*9557-3 |l MMKN |s A |a 24 |w stu45904_0001 | ||
| 996 | |b 284J016896 |c J*93146 |l JJSK |s A |a 24 |w stu45904_0002 | ||
| 996 | |b 284M039266 |c M*9557-1 |l MMKN |s A |a 24 |w stu45904_0003 | ||
| 996 | |b 284M025243 |c M*9557-4 |l MMKN |s A |a 24 |w stu45904_0004 | ||
| 996 | |b 284M025244 |c M*9557-5 |l MMKN |s A |a 24 |w stu45904_0005 | ||